000 00510cam a22001812 4500
001 0000002797
005 20151217155818.0
008 070419s xx 000 0 eng d
040 _aKABU
_cKABU
050 0 _aPR9402.9
_b.T33F73
100 1 _aTaban Lo Liyong.
_@0000152308
245 1 0 _aFrantz Fanon's uneven ribs with poems more and more.
260 _aNairobi :
_bHeinemann,
_c1971.
300 _a48 p.
908 _a070419
950 _@1
999 _c12764
_d12764